Word Ladder: Cincinnati Cuisine Quiz Stats

 Plays Quiz Updated Jun 18, 2017

Support Sporcle.
Go Orange.
Score 0/15 Timer 03:00
1 Play Today
Clue Word % Correct
UnhappySAD
98.3%
Blue area above our heads►►SKY◄◄
97.4%
Not yoursMINE
96.5%
To express orallySAY
96.1%
Term for a boy or youth, perhaps in ScotlandLAD
95.9%
5,280 feetMILE
95.3%
A fibLIE
95.2%
A 'queue' to an American►►LINE◄◄
93.4%
Clue Word % Correct
One-word way to say, 'Relax, bro!'CHILL
91.4%
A hat, informallyLID
91.2%
Crush mechanically, like grainMILL
88.9%
Spicy pepper►►CHILI◄◄
86.9%
Cash register drawerTILL
86.5%
Whiskey-making apparatusSTILL
76.2%
Disingenuous promoter, maybe onlineSHILL
73%

Today's Daily Dose

You're not logged in!

Compare scores with friends on all Sporcle quizzes.
OR
Log In
Forgot?

From the Vault

Even More Similar Song Titles

by JoeBeta

This well be fun. Don't believe me? Just watch.
Remove Ads.
Support Sporcle.
Get the best of Sporcle when you Go Orange. This ad-free experience offers more features, more stats, and more fun while also helping to support Sporcle. Thank you for becoming a member.

Show Comments

Extras

Top Quizzes Today


Score Distribution

Your Account Isn't Verified!

In order to create a playlist on Sporcle, you need to verify the email address you used during registration. Go to your Sporcle Settings to finish the process.

Report this User

Report this user for behavior that violates our Community Guidelines.

Details: